=LDR 00000nam 2200000 4500 =001 000557 =005 20250711123609 =035 ##$$a 0010-0725000425 =007 ta =008 250711################a##########0#ind## =020 ##$$a 978-623-472-536-0 =082 ##$$a 398.209 598 =084 ##$$a 398.209 598 MEN i =245 ##$$a Ikanku! Bukan, Ikanku! /$c Suraj J Menon =250 ##$$a cetakan pertama =260 ##$$a Jakarta :$b badan pengembangan dan pembinaan bahasa,$c 2022 =300 ##$$a 20 hlm. : $b ilus. ; $c 22,9 cm$e 398.209 598 =650 #4$$a Cerita Anak Indonesia =700 #$$a Menon, Suraj J =856 ##$$a TBM As Suhada =990 ##$$a TBM03180318